000 01090cam a22002413a 4500
001 11419
003 PGUSA
005 20140828083236.0
008 040301s2004||||xxu|||||s|||||000 | eng d
040 _aPGUSA
_beng
042 _adc
050 4 _aML
100 1 _aHughes, Rupert,
_d1872-1956
245 1 4 _aThe Love Affairs of Great Musicians, Volume 2
_h[electronic resource] /
_cRupert Hughes
260 _bProject Gutenberg,
_c2004
505 0 _aFranz Liszt -- Richard Wagner -- Tschaikovski, the woman-dreader -- The heart of a violinist -- An omnibus chapter: Certain troubadours. Martin Luther. Britishers. Clementi, Hummel, Steibelt. Boieldieu and Grétry. Hérold and Bizet. The passions of Berlioz. Gounod. Divers Italians. The grand Rossini. Bellini. Verdi's miserere. Various Germans. Franz Schubert -- Robert Schumann and Clara Wieck -- Musicians as lovers.
506 _aPublic domain in the USA.
516 _aElectronic text
653 _aComposers -- Biography
830 0 _aProject Gutenberg
_v11419
856 4 0 _uhttp://www.gutenberg.org/ebooks/11419
942 _cEB
999 _c240674
_d240674